000 00749 a2200205 4500
010 _aENG-88523
020 _c1190.00
_a8176298298
035 _aEN-72056
037 _bDBAD / PUB
082 1 4 _a340.59
090 _c8791
_d8791
100 _aTanzeem Fatima
245 1 _aMarriage contract in islam:
_cby Tanzeem Fatima
_bconcept of marriage, negotiating the marriage contract, feminism and islam and human rights in Islam/
260 _aNew Delhi
_bDeep & Deep Publications
_c2007
270 _aF-159, Rajouri Garden
_bNew Delhi
_e110 027
300 _axxii, 404p.
_c22cm (Hb)
500 _aIncludes index
942 _adpl
_cEN
_k340.59 / TAN
999 _c8631
_d8631